30 Chansons de Jacques Brel (Mort subite) - Statistiques

Statistiques générales
  • Ce quiz a été pris 995 fois
  • Le résultat moyen est 12 sur 30
Answers on the Grid
Answers color-coded by a green-red scale on the quiz's grid according to % correct below.
Amsterdam
La Foire
La Valse à mille temps
Ne me quitte pas
Les Flamandes
Le Moribond
Les Bourgeois
Madeleine
Zangra
Le Plat Pays
Bruxelles
Les Vieux
La Fanette
Mathilde
Les Bonbons
Au suivant
Ces gens-là
La Chanson des Vieux Amants
Vesoul
Comment tuer l'amant de sa femme quand on a été élevé comme moi dans la tradition
La Quête
Les F...
Les remparts de Varsovie
Le Lion
Jojo
Les Marquises
Mai 40
Orly
Fernand
Regarde bien, petit
Avec le Temps
Comme d'habitude
On va s'aimer
Les Champs-Elysées
J'aime plus Paris
Comme ils disent
L'Hymne à l'Amour
Les Copains d'abord
Le France
Roissy
Août 45
La Polynésie
Le Mur de Berlin
Vierzon
Les Sucettes
Il neige sur Bruges
Le Tango à vingt temps
Rotterdam
Le Paradis Blanc
Aline
 
Statistiques - réponses
Réponse % Correct
Ne me quitte pas
69%
La Valse à mille temps
65%
Amsterdam
63%
Vesoul
60%
Ces gens-là
59%
Le Plat Pays
55%
La Chanson des Vieux Amants
54%
Les Bourgeois
54%
Madeleine
53%
Mathilde
51%
Les Flamandes
49%
Les Vieux
46%
Les Bonbons
45%
Les Marquises
44%
Bruxelles
42%
La Quête
40%
Les remparts de Varsovie
40%
Au suivant
39%
Fernand
38%
Jojo
37%
Orly
35%
Le Moribond
34%
La Fanette
32%
Comment tuer l'amant de sa femme quand on a été élevé comme moi dans la tradition
22%
Les F...
18%
Regarde bien, petit
18%
Zangra
17%
Le Lion
14%
La Foire
13%
Mai 40
13%
Aucun quiz correspondant
Distribution des résultats
% des personnes avec chaque résultat
Percentile par nombre de réponses
Votre historique - résultats
Vous n’avez pas pris ce quiz